Principios de ciencia de las finanzas (Registro nro. 5541)

Detalles MARC
000 -LEADER
fixed length control field 01890 a2200205 4500
001 - CONTROL NUMBER
control field 54381
005 - DATE AND TIME OF LATEST TRANSACTION
control field 20260407155816.0
008 - FIXED-LENGTH DATA ELEMENTS--GENERAL INFORMATION
fixed length control field 260407a1959 arg spa d
003 - CONTROL NUMBER IDENTIFIER
control field AR-UNSa-BCEJYS
040 ## - CATALOGING SOURCE
Original cataloging agency AR-UNSa-BCEJYS
Language of cataloging spa
Transcribing agency AR-UNSa-BCEJYS
080 ## - UNIVERSAL DECIMAL CLASSIFICATION NUMBER
Universal Decimal Classification number 336.1
Common auxiliary subdivision Finanzas Públicas. Finanzas del gobierno en general<br/> <br/>
100 1# - MAIN ENTRY--PERSONAL NAME
Personal name Griziotti, Benvenuto
245 10 - TITLE STATEMENT
Title Principios de ciencia de las finanzas
250 ## - EDITION STATEMENT
Edition statement 6a.ed.
264 #1 - PRODUCTION, PUBLICATION, DISTRIBUTION, MANUFACTURE, AND COPYRIGHT NOTICE
Place of production, publication, distribution, manufacture Buenos Aires :
Name of producer, publisher, distributor, manufacturer Roque Depalma Editor
Date of production, publication, distribution, manufacture, or copyright notice 1959
300 ## - PHYSICAL DESCRIPTION
Extent 419 p.
Dimensions 24 cm.
505 ## - FORMATTED CONTENTS NOTE
Formatted contents note Primera parte: Problemas teóricos generales y líneas fundamentales del sistema financiero italiano - I. La actividad financiera - II. El presupuesto del Estado - III. Los gastos públicos - IV. El sistema de los recursos públicos - V. Presión financiera - VI. Traslación,incidencia y difusión de los impuestos y rentas fiscales - Segunda parte: Análisis crítico de los recursoso públicos - VII. Las retribuciones,el dominio,el patrimonio y las empresas públicas - VIII. Las tasas - IX. Contribuciones e impuestos especiales - X. Teoría general del impuesto - XI. Impuestos directos reales a los réditos - XII. Impuestos directos personales a los réditos - XIII. La determinación de los impuestos a los réditos despues de las Leyes Vanoni y Tremelloni - XIV. Impuestos directos sobre el patrimonio - XV. Impuestos sobre las transferencias de la riqueza - XVI. Impuesto general sobre el ingreso - XVII. Monopolios fiscales,impuestos de fabricación,derechos aduaneros y otros impuestos indirectos estatales - XVIII. Análisis estadístico y comparado del producido de lso ingresos estatales desde 1938-1939 hasta 1956-1957 - XIX. Finanzas locales y regionales - XX. Contencioso tributario y recaudación de los impuestos - XXI. La deuda pública y los recursos extraordinarios
590 ## - LOCAL NOTE (RLIN)
Local note niveau_biblio:m niveau_hierar:0
942 ## - ADDED ENTRY ELEMENTS (KOHA)
Koha item type
Existencias
Withdrawn status Lost status Damaged status Not for loan Home library Current library Shelving location Date acquired Total checkouts Full call number Barcode Date last seen Price effective from Koha item type
        Biblioteca Prof. Eusebio Cleto del Rey Biblioteca Prof. Eusebio Cleto del Rey   07/04/2026   336.1 G846 L20263 07/04/2026 07/04/2026 Libro
        Biblioteca Prof. Eusebio Cleto del Rey Biblioteca Prof. Eusebio Cleto del Rey   07/04/2026   336.1 G846 L22745 07/04/2026 07/04/2026 Libro
        Biblioteca Prof. Eusebio Cleto del Rey Biblioteca Prof. Eusebio Cleto del Rey   07/04/2026   336.1 G846 L22746 07/04/2026 07/04/2026 Libro